| 000 | 00625nam a2200229Ia 4500 | ||
|---|---|---|---|
| 008 | 180523s9999 xx 000 0 und d | ||
| 020 | _a0-415-38570-9 | ||
| 050 | _aMAIN HQ 767.9 | ||
| 050 | _b.S65 2006 | ||
| 100 | _aSmidt, Sandra | ||
| 245 | 4 | _aThe Development child in the 21st century : | |
| 245 | 2 | _ba global perspective on child development / | |
| 245 | 0 | _cSandra Smidt | |
| 260 | _aNew York : | ||
| 260 | _bRoutledge, | ||
| 260 | _c2006 | ||
| 300 | _a150 pages : | ||
| 300 | _c25 cm. | ||
| 500 | _aIncludes bibliographical references and index. | ||
| 650 | _aChildren. | ||
| 650 | _xChild development. | ||
| 999 |
_c357287 _d357287 |
||